000 00986nam a2200169 a 4500
008 211122s2014 ||||||||||||||||| || u
050 _aHD 3871 Cha
100 _aChan, Albert P.C
245 1 0 _aPublic-Private Partnership in International Construction: Learning from case studies
_cBy Albert P.C Chan; Esther Cheung
260 _aNew York
_bRoutledge
_c2014
300 _axv,190 pages: illustrations
650 _aPUBLIC-PRIVATE SECTOR COOPERATION
650 _aPUBLIC WORKS--FINANCE
995 _aMAIN LIBRARY OPEN ACCESS
_e751184
_FCBU-MAIN LIBRARY (Kitwe)
_I183.47
_jHD 3871 Cha
_M1
_UAVAILABLE
_WNov 22, 2021
_y751184
_ZMain Library Open Access Collection
995 _aMAIN LIBRARY OPEN ACCESS
_e751185
_FCBU-MAIN LIBRARY (Kitwe)
_I183.47
_jHD 3871 Cha
_M2
_UAVAILABLE
_WNov 22, 2021
_y751185
_ZMain Library Open Access Collection
995 _aMAIN LIBRARY OPEN ACCESS
_e751186
_FCBU-MAIN LIBRARY (Kitwe)
_I183.47
_jHD 3871 Cha
_M3
_UAVAILABLE
_WNov 22, 2021
_y751186
_ZMain Library Open Access Collection
999 _c77159
_d77159